Методические указания по применению каротажа магнитной восприимчивости для определения содержания железа магнетитового при разведке и оценке запасов на месторождениях железистых кварцитов

Podrobná bibliografie
Korporativní autor: Научно-производственное объединение "Геофизика"
Další autoři: Кальварская В. П. (редактор)
Jazyk:ruština
Vydáno: Ленинград, Изд-во НПО Геофизика, 1977
Témata:
Médium: MixedMaterials Kniha
KOHA link:https://koha.lib.tpu.ru/cgi-bin/koha/opac-detail.pl?biblionumber=250636

MARC

LEADER 00000nam0a2200000 4500
001 250636
005 20231101232601.0
035 |a (RuTPU)RU\TPU\book\272852 
090 |a 250636 
100 |a 20140214d1977 m y0rusy50 ca 
101 0 |a rus 
102 |a RU 
105 |a a z 001zy 
200 1 |a Методические указания по применению каротажа магнитной восприимчивости для определения содержания железа магнетитового при разведке и оценке запасов на месторождениях железистых кварцитов  |f Научно-производственное объединение "Геофизика" ; под ред. В. П. Кальварской 
210 |a Ленинград  |c Изд-во НПО Геофизика  |d 1977 
215 |a 108 с.  |c ил. 
320 |a Библиогр.: с. 100-103. 
606 1 |a Железные руды  |x Геология  |2 stltpush  |3 (RuTPU)RU\TPU\subj\10478  |9 37546 
610 1 |a кварциты 
610 1 |a магнетитовые кварциты 
610 1 |a магнетитовые руды 
610 1 |a каротаж 
610 1 |a запасы 
610 1 |a оценка 
610 1 |a разведка 
610 1 |a методические указания 
675 |a 553.31  |v 3 
702 1 |a Кальварская  |b В. П.  |4 340 
712 0 2 |a Научно-производственное объединение "Геофизика"  |2 stltpush  |3 (RuTPU)RU\TPU\col\10268  |9 24815 
801 1 |a RU  |b 63413507  |c 20140214 
801 2 |a RU  |b 63413507  |c 20140324  |g RCR 
942 |c BK